Statystyki dla Państwa, Do Których Należą Państwa Nieuznawane

Kliknij tutaj aby rozwiązać quiz!

Ogólne statystyki

  • Ten quiz został rozwiązany 80 razy
  • Średni wynik to 8 z 11

Statystyki odpowiedzi

RegionPaństwo% Poprawnych
CyprCypr Północny
89%
MołdawiaNaddniestrze
89%
Izrael, Arabia SaudyjskaPalestyna
84%
GruzjaAbchazja
82%
MarokoSahara Zachodnia
81%
RosjaCzeczenia
74%
ChinyTajwan
72%
GruzjaOsetia Południowa
70%
SomaliaSomaliland
70%
Irak, Turcja, Syria, IranKurdystan
68%
AzerbejdżanGórski Karabach (Artzakh)
1%

Rozkład punktacji

Percentyl według liczby udzielonych odpowiedzi

Procent ludzi z każdym wynikiem

Twoja historia wyników

Nie rozwiązałeś tego quizu